000 03695nam0a22004451 4500
001 rc\146757
005 20250620205749.0
010 _a5-235-01956-7
_bМол. гвардия
_950000
035 _a(NLR Aleph) 005416255
090 _a7426831
_c7426831
100 _a20030307d1994 |||y0rusy50 ca
101 0 _arus
102 _aRU
105 _aa |||||||||
200 1 _aХарон обратно не перевозит
_e[Фантаст. повести и рассказы
_fСост. А.Н. Каширин]
210 _aМ.
_cМол. гвардия
_aТирасполь
_cВсесоюз. об-ние молодых писателей-фантастов
_d1994
215 _a477, [2] c.
_cил.
_d21
225 1 _aФантастика
225 1 _aРумбы фантастики
327 1 _aСодерж.: Харон обратно не перевозит / И. Дубов. Мир крыльев / Л. Кудрявцев. Змей из-под пространства / М. Пухов. Слезы льда / А. Рубинов. Поправка на человечность / А. Силецкий. Практикум для начинающих / В. Трапезников. Последний вопрос / А. Азимов. ...Все кошки серы; Мышеловка / Э. Нортон. Стены / З. Хендерсон. Жертва из космоса / Р. Шекли. Субботний отдых на берегу моря / К. Эмшвиллер. Все об Атлантиде / В. Щербаков
464 0 _12001#$aХарон обратно не перевозит
_1700#1$aДубов$bИ.
_tХарон обратно не перевозит
_aДубов, И.
464 0 _12001#$aМир крыльев
_1700#1$aКудрявцев$bЛ.
_tМир крыльев
_aКудрявцев, Л.
464 0 _12001#$aЗмей из-под пространства
_1700#1$aПухов$bМ.
_tЗмей из-под пространства
_aПухов, М.
464 0 _12001#$aСлезы льда
_1700#1$aРубинов$bА.
_tСлезы льда
_aРубинов, А.
464 0 _12001#$aПоправка на человечность
_1700#1$aСилецкий$bА.
_tПоправка на человечность
_aСилецкий, А.
464 0 _12001#$aПрактикум для начинающих
_1700#1$aТрапезников$bВ.
_tПрактикум для начинающих
_aТрапезников, В.
464 0 _12001#$aПоследний вопрос
_1700#1$aАзимов$bА.
_tПоследний вопрос
_aАзимов, А.
464 0 _12001#$aˆ...‰Все кошки серы
_1700#1$aНортон$bЭ.$gЭндрю$f1912-2005$3RU\NLR\AUTH\779798
_tˆ...‰Все кошки серы
_aНортон, Эндрю (1912-2005)
464 0 _12001#$aМышеловка
_1700#1$aНортон$bЭ.$gЭндрю$f1912-2005$3RU\NLR\AUTH\779798
_tМышеловка
_aНортон, Эндрю (1912-2005)
464 0 _12001#$aСтены
_1700#1$aХендерсон$bЗ.
_tСтены
_aХендерсон, З.
464 0 _12001#$aЖертва из космоса
_1700#1$aШекли$bР.
_tЖертва из космоса
_aШекли, Р.
464 0 _12001#$aСубботний отдых на берегу моря
_1700#1$aЭмшвиллер$bК.
_tСубботний отдых на берегу моря
_aЭмшвиллер, К.
464 0 _12001#$aВсе об Атлантиде
_1700#1$aЩербаков$bВ.
_tВсе об Атлантиде
_aЩербаков, В.
702 1 _aКаширин
_bА.Н.
_4220
801 0 _aRU
_bNLR
_gpsbo
801 1 _aRU
_bELAR
_2rusmarc
852 _aNLR
_j94-3/145
942 _cBOOK
980 _aNB